000 00608nam a2200229Ia 4500
999 _c14552
_d14552
003 0100
005 20170907114701.0
008 130303s9999 xx 000 0 und d
020 _a316483141
040 _cARRUPELIB
050 _aP90.K345 1983
100 _aKatula, Richard
_935501
245 _aCommunication
_bwriting and speaking
_cRichard A. Katula et al...
260 _bLittle Brown and Co.
_aBoston
_c1988
300 _axiv, 392p. ;
_c 24cm.
650 _bCommunication
_911572
650 _bRhetoric
_915927
700 _aMartin, Celest A
_935502
700 _aSchwegler, Robert A
_935725
942 0 0 _01
_2lcc
_cMONOGRAPH